MDQL
is popping MORE tags! Check the
thread
!
Quizzes
Events
Quiz Creation
Community
Videos
Private Events
Remove Ads
Sign In
Join for FREE
Feedback
Dark Mode
Quiz Categories
Sports
Geography
Music
Movies
Television
Just For Fun
Miscellaneous
History
Literature
Language
Science
Gaming
Entertainment
Religion
Holiday
For Kids
Quiz Lab
Recent
Popular Today
Quiz Kudos Today
Editor Picks
Curator Picks
Quizzes by...
Day
Popularity
Type
Ratings
Length
Year
Community
Subscriptions
Recent Discussions
Orange Saloon
Badges
Playlists
Quests
Create
Leaderboards
Showdown
Live 5
Trivia Bingo
Activity
Puzzle Library
Sporcle Events
Private Events
Virtual Trivia
Globe League
Become a Host
Pub Owners
SporcleCon
Opinionation
Our Games
Videos
Blog
Mobile Apps
Partnerships
Remove Ads and Go Orange
Feedback
Sports
Athletes
MLB
NBA
NHL
NFL
Soccer
Sports Teams
WWE
NCAA
Football
Premier League
Basketball
Baseball
Hockey
Golf
Tennis
Cricket
Rugby
Auto Racing
Olympics
World Cup
Sports
Athletes
MLB
NBA
NHL
NFL
Soccer
Sports Teams
WWE
NCAA
Football
Premier League
Basketball
Baseball
Hockey
Golf
Tennis
Cricket
Rugby
Auto Racing
Olympics
World Cup
Random Quiz
Search Sporcle
×
Quiz Lab
Quiz Lab
Sports
Premier League
Type in answers that appear in a list
Type in answers that appear in a list
Classic
Best Score? Go Orange.
Manchester United Premier League Defenders Stats
Can you name the Manchester United Premier League Defenders?
By
aj95
20m
190 Questions
1,485 Plays
1,485 Plays
1,485 Plays
Comments
Comments
Give Quiz Kudos
Give Quiz Kudos
-
- Ratings
hide this ad
Replay
Link that replays current quiz
Next Quiz
Link to next quiz in quiz playlist
You Got
0%
They Got
Avg Score
81%
Avg Friend Score
Upgrade to see
Score Distribution
Jump to the score distribution portion of the page
Score
0/190
Timer
20:00
0
Plays Today
Season
Player Name
% Correct
2002/
03
Rio Ferdinand
98.4%
2003/
04
Rio Ferdinand
98.4%
2004/
05
Rio Ferdinand
98.4%
2005/
06
Rio Ferdinand
98.4%
2006/
07
Rio Ferdinand
98.4%
2007/
08
Rio Ferdinand
98.4%
2008/
09
Rio Ferdinand
98.4%
2009/
10
Rio Ferdinand
98.4%
2010/
11
Rio Ferdinand
98.4%
2011/
12
Rio Ferdinand
98.4%
2012/
13
Rio Ferdinand
98.4%
1992/
93
Gary Neville
98.3%
1993/
94
Gary Neville
98.3%
1994/
95
Gary Neville
98.3%
1995/
96
Gary Neville
98.3%
1996/
97
Gary Neville
98.3%
1997/
98
Gary Neville
98.3%
1998/
99
Gary Neville
98.3%
1999/
00
Gary Neville
98.3%
2000/
01
Gary Neville
98.3%
2001/
02
Gary Neville
98.3%
2002/
03
Gary Neville
98.3%
2003/
04
Gary Neville
98.3%
2004/
05
Gary Neville
98.3%
2005/
06
Gary Neville
98.3%
2006/
07
Gary Neville
98.3%
2007/
08
Gary Neville
98.3%
2008/
09
Gary Neville
98.3%
2009/
10
Gary Neville
98.3%
2010/
11
Gary Neville
98.3%
1994/
95
Phil Neville
98.2%
1995/
96
Phil Neville
98.2%
1996/
97
Phil Neville
98.2%
1997/
98
Phil Neville
98.2%
1998/
99
Phil Neville
98.2%
1999/
00
Phil Neville
98.2%
2000/
01
Phil Neville
98.2%
2001/
02
Phil Neville
98.2%
2002/
03
Phil Neville
98.2%
2003/
04
Phil Neville
98.2%
2004/
05
Phil Neville
98.2%
2005/
06
Nemanja Vidic
97.2%
2006/
07
Nemanja Vidic
97.2%
2007/
08
Nemanja Vidic
97.2%
2008/
09
Nemanja Vidic
97.2%
2009/
10
Nemanja Vidic
97.2%
2010/
11
Nemanja Vidic
97.2%
2011/
12
Nemanja Vidic
97.2%
2012/
13
Nemanja Vidic
97.2%
2005/
06
Patrice Evra
94.2%
2006/
07
Patrice Evra
94.2%
2007/
08
Patrice Evra
94.2%
2008/
09
Patrice Evra
94.2%
2009/
10
Patrice Evra
94.2%
2010/
11
Patrice Evra
94.2%
2011/
12
Patrice Evra
94.2%
2012/
13
Patrice Evra
94.2%
1992/
93
Denis Irwin
93.8%
1993/
94
Denis Irwin
93.7%
1994/
95
Denis Irwin
93.7%
1995/
96
Denis Irwin
93.7%
1996/
97
Denis Irwin
93.7%
1997/
98
Denis Irwin
93.7%
1998/
99
Denis Irwin
93.7%
Season
Player Name
% Correct
1999/
00
Denis Irwin
93.7%
2000/
01
Denis Irwin
93.7%
2001/
02
Denis Irwin
93.7%
1992/
93
Steve Bruce
92.3%
1993/
94
Steve Bruce
92.3%
1994/
95
Steve Bruce
92.3%
1995/
96
Steve Bruce
92.3%
1997/
98
Wes Brown
92.2%
1998/
99
Wes Brown
92.2%
2000/
01
Wes Brown
92.2%
2001/
02
Wes Brown
92.2%
2002/
03
Wes Brown
92.2%
2003/
04
Wes Brown
92.2%
2004/
05
Wes Brown
92.2%
2005/
06
Wes Brown
92.2%
2006/
07
Wes Brown
92.2%
2007/
08
Wes Brown
92.2%
2008/
09
Wes Brown
92.2%
2009/
10
Wes Brown
92.2%
2010/
11
Wes Brown
92.2%
1998/
99
Jaap Stam
92.1%
1999/
00
Jaap Stam
92.1%
2000/
01
Jaap Stam
92.1%
2001/
02
Jaap Stam
92.1%
2001/
02
John OShea
91.7%
2002/
03
John OShea
91.7%
2003/
04
John OShea
91.7%
2004/
05
John OShea
91.7%
2005/
06
John OShea
91.7%
2006/
07
John OShea
91.7%
2007/
08
John OShea
91.7%
2008/
09
John OShea
91.7%
2009/
10
John OShea
91.7%
2010/
11
John OShea
91.7%
2011/
12
Phil Jones
91.6%
2012/
13
Phil Jones
91.6%
1992/
93
Gary Pallister
90.9%
1993/
94
Gary Pallister
90.9%
1994/
95
Gary Pallister
90.9%
1995/
96
Gary Pallister
90.9%
1996/
97
Gary Pallister
90.9%
1997/
98
Gary Pallister
90.9%
2008/
09
Rafael
90.3%
2009/
10
Rafael
90.3%
2010/
11
Rafael
90.3%
2011/
12
Rafael
90.3%
2012/
13
Rafael
90.3%
2010/
11
Chris Smalling
89.2%
2011/
12
Chris Smalling
89.2%
2012/
13
Chris Smalling
89.2%
2009/
10
Fabio
88.1%
2010/
11
Fabio
88.1%
2011/
12
Fabio
88.1%
2008/
09
Jonny Evans
85.7%
2009/
10
Jonny Evans
85.7%
2010/
11
Jonny Evans
85.7%
2011/
12
Jonny Evans
85.7%
2012/
13
Jonny Evans
85.7%
1996/
97
Ronny Johnsen
84.4%
1997/
98
Ronny Johnsen
84.4%
1998/
99
Ronny Johnsen
84.4%
1999/
00
Ronny Johnsen
84.4%
2000/
01
Ronny Johnsen
84.4%
2001/
02
Ronny Johnsen
84.4%
Season
Player Name
% Correct
1999/
00
Mikael Silvestre
83.1%
2000/
01
Mikael Silvestre
83.1%
2001/
02
Mikael Silvestre
83.1%
2002/
03
Mikael Silvestre
83.1%
2003/
04
Mikael Silvestre
83.1%
2004/
05
Mikael Silvestre
83.1%
2005/
06
Mikael Silvestre
83.1%
2006/
07
Mikael Silvestre
83.1%
2007/
08
Mikael Silvestre
83.1%
1994/
95
David May
79.9%
1995/
96
David May
79.9%
1996/
97
David May
79.9%
1997/
98
David May
79.9%
1998/
99
David May
79.9%
1999/
00
David May
79.9%
2000/
01
David May
79.9%
2001/
02
David May
79.9%
2002/
03
David May
79.9%
1992/
93
Paul Parker
78.8%
1993/
94
Paul Parker
78.8%
1994/
95
Paul Parker
78.8%
1995/
96
Paul Parker
78.8%
1997/
98
Henning Berg
77.2%
1998/
99
Henning Berg
77.2%
1999/
00
Henning Berg
77.2%
2000/
01
Henning Berg
77.2%
2004/
05
Gabriel Heinze
77%
2005/
06
Gabriel Heinze
77%
2006/
07
Gabriel Heinze
77%
2001/
02
Laurent Blanc
76.9%
2002/
03
Laurent Blanc
76.9%
2012/
13
Alexander Buttner
61.9%
2005/
06
Gerard Pique
50.2%
2007/
08
Gerard Pique
50.2%
1992/
93
Clayton Blackmore
48.1%
1993/
94
Clayton Blackmore
48.1%
1997/
98
Ronnie Wallwork
36.8%
1999/
00
Ronnie Wallwork
36.8%
2000/
01
Ronnie Wallwork
36.8%
2001/
02
Ronnie Wallwork
36.8%
1995/
96
William Prunier
33.7%
1997/
98
John Curtis
33.3%
1998/
99
John Curtis
33.3%
1999/
00
John Curtis
33.3%
2007/
08
Danny Simpson
32.9%
2005/
06
Phil Bardsley
32.8%
2008/
09
Ritchie DeLaet
32.6%
2009/
10
Ritchie DeLaet
32.6%
1992/
93
Lee Martin
32.3%
1993/
94
Lee Martin
32.3%
1996/
97
Michael Clegg
30.6%
1997/
98
Michael Clegg
30.6%
1999/
00
Michael Clegg
30.6%
1997/
98
Danny Higginbotham
27.1%
1996/
97
Chris Casper
26.9%
1995/
96
John OKane
24.4%
1996/
97
John OKane
24.4%
2004/
05
Jonathan Spector
24%
2011/
12
Zeki Fryers
19.9%
2006/
07
Kieran Lee
18.8%
2008/
09
Richard Eckersley
18.5%
2002/
03
Lee Roche
13.7%
Quiz Playlist
Details
Report
Send in Message
Add To Playlist
Classic:
Type in answers that appear in a list
Last Updated: Feb 16, 2017
Quiz Scoreboard
CHALLENGE
Sign Up to Join the Scoreboard
Show All
Scores
Hide
Comments
May contain spoilers
Recently Published
1-10 Letter E Words III
by El_Dandy
Language
2m
Street Fighter Characters
by Artimus82
Gaming
60s
College Basketball Coaching Resumes
by pancakes188
Sports
9m
More to Explore
Quiz From the Vault
Featured Blog Post
Where Did the Easter Bunny Come From?
hide this ad
You Might Also Like...
Tags
Premier League Quiz
Defender
League
Manchester
Manchester United
Player
Premier
season
United
Today's Top Quizzes in Sports
Browse Sports
hide this ad
Today's Top Quizzes in Premier League
Browse Premier League
Top Contributed Quizzes in Sports
1
2022 World Cup Stars
2
Les meilleurs buteurs des matchs entre le PSG et l’OM
3
FIFA Club World Cup Champions
4
Les entraîneurs de l'OM et du PSG au 21e siècle
5
Criteria MLB: Left Handed Sluggers
6
2023 MLB Unique Player Accomplishments
7
AFC Teams Reveal (Wrong Answers Minefield)
8
Players with Multiple 50 Home Run Seasons
9
5-to-1: FBS Animal Nicknames
10
5-to-1: UK Sports Teams
Explore More
Trending Topics
Disney
Anime
NBA
Marvel
Harry Potter
Kpop
Crossword
Country
Puzzle
WWE
Soccer
The Office
NFL
Pokémon
Song
hide this ad
More By:
aj95
Quiz
Plays
Rating
Category
Featured
Created
European Capital Match-Up
164,408
4.53
Geography
Mar 11, 2013
Top Premier League Scorers (2010s)
141,108
4.59
Sports
Aug 12, 2015
Premier League Nationalities 2013-14
10,946
4.32
Sports
Jul 12, 2013
Premier League Club Top Scorers 2014/15
7,349
3.72
Sports
May 20, 2015
Minute Maths
6,076
3.88
Just For Fun
Jan 17, 2013
Go to Creator's Profile
Score Distribution
Quiz Creator Spotlight
aj95
Follow
Send a Message
Quizzes Created
-
Created Quiz Play Count
-
More By This Creator
Popular Quizzes Today
1
Find the US States - No Outlines Minefield
2
Find the Countries of Europe - No Outlines Minefield
3
The Countries of the World
4
Find the US States
5
Risky Map Clicking: Biggest States A-Z
6
US States
7
Popular People in 1961
8
Movies - When Are They Set?
More Sports Quizzes
European Football Stadiums by Capacity
Published
Trending Quizzes
Risky Map Clicking: Least Populous States A-Z
Billboard Blitz: Aretha Franklin
Famous Russians: Author or Composer?
1-10 Letter G Words
Countries of the World: 200 Million BC
Recently Updated
Leaping Animals
pecheneg
Reality TV Shows (A-Z)
bhenderson79
Rickey Henderson's Hall of Fame Teammates
pecheneg
Champions League XIs: Arsenal
pecheneg
Quick Pick: Celebrities in WWE's Hall of Fame
aduchscher
A-Z Keypad Blitz II
pecheneg
Multiple Oscar Actors
pecheneg
Mystery Phrase Blitz: Oscar 'Best Actors'
pecheneg
F. Scott Fitzgerald Novels
LTH
Pick 3 Villains
ddd62291
Trending Topics
Anime
Harry Potter
Disney
NBA
Crossword
Kpop
Marvel
Song
NFL
Puzzle
The Office
Soccer
Pokémon
Country
WWE
Your Account Isn't Verified!
In order to create a playlist on Sporcle, you need to verify the email address you used during registration. Go to your
Sporcle Settings
to finish the process.
Report this User
Report this user for behavior that violates our
Community Guidelines
.
Details:
Send Report
Go to the Sporcle.com Mobile Site →
Comments